Baktériové a mikotické nálezy zo spút od pacientov s nešpecifikovanými zápalmi priedušiek a pľúc

Podrobná bibliografia
Hlavní autori: Kocan, Ivan (Autor), Rozborilová, Eva, 1942- (Autor), Porubská, Anna (Autor), Kocan, Ivan, 1977- (Autor)
Médium: Článok
Jazyk:slovenčina
Fyzický popis:Grafy
ISSN:1335-0234
Predmet:

MARC

LEADER 00000nab a2200000 a 4500
001 vtls000848502
003 SK-MaSNL
005 20260304123912.0
008 250429c2002 xo 0 slo
015 |a SNBRB2003/10-28521 
035 |a CLN000200157 
035 |a urn:nbn:sk:snk-abqv5 
035 |a (urnnbn)urn:nbn:sk:snk:ar-a056q0 
035 |a (uuid)de849368-b0e5-408f-80be-76b70328be53 
040 |a SNKBUCL  |b slo  |c SNKBUCL  |e AACR2 
041 0 |a slo 
044 |a xo  |c SK 
080 |a 616.23-008.4-076-078  |2 1997 
080 |a 616.24-008.4-076-078  |2 1997 
245 0 0 |a Baktériové a mikotické nálezy zo spút od pacientov s nešpecifikovanými zápalmi priedušiek a pľúc  |c Ivan Kocan st. ... [et al.] 
300 |b Grafy 
504 |a Bibliogr. odkazy 
504 |a Res. slov., angl., nem. 
650 0 7 |a pľúca  |2 snkbucl  |9 16489 
650 0 7 |a priedušky  |2 snkbucl  |9 83537 
650 0 7 |a spútum  |x vyšetrenie mikrobiologické  |2 snkbucl  |9 1433844 
650 0 7 |a baktérie  |x vyšetrenie mikrobiologické  |2 snkbucl  |9 1433845 
650 0 7 |a kvasinky  |x vyšetrenie mikrobiologické  |2 snkbucl  |9 1433846 
655 7 |a články z novín a časopisov  |2 snkbucl  |9 267496 
700 1 |a Kocan, Ivan  |4 aut  |9 810840 
700 1 |a Rozborilová, Eva,  |d 1942-  |4 aut  |9 200696 
700 1 |a Porubská, Anna  |4 aut  |9 26046 
700 1 |a Kocan, Ivan,  |d 1977-  |4 aut  |9 200707 
773 0 |t Slovenský lekár  |g Roč. 12 (26), č. 11-12 (2002), s. 411-412  |x 1335-0234 
850 |a Slovenská národná knižnica 
852 |a Slovenská národná knižnica 
954 |a odborná, vedecká literatúra pôvodná (slovenská)  |2 lita 
958 |a article27 
958 |a MI 
958 |a NB 
958 |a OND 
958 |a EUIPO 
992 |a RBX 
999 |c 2890160  |d 2892090